00273nam a2200121Ia 4500008004100000041000800041082001700049100001300066245002300079250000900102260003100111300000900142230627s9999 xx 000 0 und d aeng a343.099bAHM aAhmad F. aCyber Law In India a3ed. bAllahabad Law Agencyc2008 a622p